000
00236nam a22000857a 4500
008
170608b xxu||||| |||| 00| 0 eng d
100
_9
3341
_a
Suman. S
245
_a
Indian takes and folk takes
260
_a
New delhi
_b
Children's Book Trust
_c
2003
999
_c
6660
_d
6660